000
00300nam a22001217a 4500
020
_a
NA
082
_2
22
_a
620.00420285
100
_a
NA
245
_a
Auto cad 2010 :
_b
reference guide 1 /
260
_a
New Delhi,
_b
CADD Centre,
_c
c2009.
300
_a
vi, 344 p.
_b
ill. ;
_c
23 cm.
942
_2
ddc
_c
CIVIL
_0
1
999
_c
3869
_d
3869